Minecraft Quiz (1.19) - Statistics

General Stats
  • This quiz has been taken 425 times
  • The average score is 24 of 50
Answer Stats
Hint Answer % Correct
Boss of the End Ender Dragon
99%
Boss of the Nether Wither
92%
Boss of the Ocean Elder Guardian
85%
Boss of the Underground Warden
84%
Trades for stuff (Overworld) Villager
76%
Sleep Bed
65%
Trades for stuff (Nether) Piglin
64%
Makes honey Bee
59%
Mans best friend Dog
59%
Three blocks tall Endermen
59%
Gives 3-5 iron on death, but uses 36 to be spawned Iron Golem
59%
Minecraft's founder Notch
57%
Catches fish Fishing Rod
56%
Can be killed with Snowballs Blaze
55%
Water bubble-maker (makes you go down) Magma Block
55%
Wild Cat Ocelot
55%
Where the Underground boss lives Deep Dark Caves
52%
Teleporting device Ender Pearl
52%
Infests rocks Silverfish
52%
Water bubble-maker (makes you go up) Soul Sand
51%
100% invisible block, but can't walk through it Barrier
50%
Throw this to get to the Stronghold Eye of Ender
49%
Sets enemies on fire with a swing of a sword (enchantment) Fire Aspect
49%
Building in snowy biome Igloo
49%
Walk on lava Strider
49%
Mythical entity feared by all OG Minecrafters Herobrine
48%
Extra life Totem of Undying
48%
Chance of spawning with an ender pearl throw Endermite
47%
Funnel for a chest Hopper
47%
Biggest Minecraft multiplayer server Hypixel
47%
Respawn point in the Nether Respawn Anchor
47%
Can only be obtained by Cats or killing Phantoms Phantom Membrane
46%
Hangs on a wall, emits light Torch
46%
MLG level: Basic Water Bucket
46%
Crybaby Ghast
41%
Guardians of the End Cities Shulkers
41%
Killed Ph1lza in his hardcore world (very annoying) Baby Zombie
39%
Holds an extra inventory Chest
37%
Super annoying mob with pets Wandering Trader
36%
Holds a current Redstone
33%
Heals Ender Dragon End Crystals
32%
Sensory block found in Underground Skulk Sensor
31%
Where the end gateway is Stronghold
28%
Killed DanTDM in his cardcore world (very annoying) Vex
26%
No knockback armor Netherite Armor
23%
Holds lava underwater Cauldron
22%
Most annoying mob in speedruns Piglin Brutes
14%
Longest name of anything in Minecraft Waxed Lightly Weathered Cut Copper Stairs
13%
Where you find elytras End City Ships
9%
Draws lightning to it Lightning rods
8%
No matching quizzes found
Score Distribution
Percent of People with Each Score
Percentile by Number Answered
Your Score History
You have not taken this quiz